BSOP header

Competing voices from the Crusades / (Record no. 38003)

MARC details
000 -LEADER
fixed length control field 00852cam a2200265 a 4500
001 - CONTROL NUMBER
control field 213407336
003 - CONTROL NUMBER IDENTIFIER
control field OSt
005 - DATE AND TIME OF LATEST TRANSACTION
control field 20150202112615.0
008 - FIXED-LENGTH DATA ELEMENTS--GENERAL INFORMATION
fixed length control field 080304s2008 enkb b 001 0 eng
020 ## - INTERNATIONAL STANDARD BOOK NUMBER
International Standard Book Number 9781846450112
020 ## - INTERNATIONAL STANDARD BOOK NUMBER
International Standard Book Number 184645011X
245 00 - TITLE STATEMENT
Title Competing voices from the Crusades /
Statement of responsibility, etc [edited by] Andrew Holt & James Muldoon.
260 ## - PUBLICATION, DISTRIBUTION, ETC. (IMPRINT)
Place of publication, distribution, etc Oxford ;
-- Westport, Conn. :
Name of publisher, distributor, etc Greenwood World Pub.,
Date of publication, distribution, etc 2008.
300 ## - PHYSICAL DESCRIPTION
Extent xxiv, 333 p. :
Other physical details maps ;
Dimensions 24 cm.
336 ## - CONTENT TYPE
Source rdacontent
Content Type Term text
337 ## - MEDIA TYPE
Source rdamedia
Media Type Term unmediated
338 ## - CARRIER TYPE
Source rdacarrier
Carrier Type Term volume
490 1# - SERIES STATEMENT
Series statement Fighting words.
504 ## - BIBLIOGRAPHY, ETC. NOTE
Bibliography, etc Includes bibliographical references (p. 291-296) and index.
650 #0 - SUBJECT ADDED ENTRY--TOPICAL TERM
Topical term or geographic name as entry element Crusades
Form subdivision Sources.
700 1# - ADDED ENTRY--PERSONAL NAME
Personal name Holt, Andrew
Fuller form of name (Andrew P.)
700 1# - ADDED ENTRY--PERSONAL NAME
Personal name Muldoon, James,
Dates associated with a name 1935-
830 #0 - SERIES ADDED ENTRY--UNIFORM TITLE
Uniform title Fighting words (Oxford, England)
942 ## - ADDED ENTRY ELEMENTS (KOHA)
Source of classification or shelving scheme Library of Congress Classification
Item type Books
Holdings
Withdrawn status Lost status Source of classification or shelving scheme Damaged status Not for loan Home library Current library Shelving location Date acquired Source of acquisition Cost, normal purchase price Inventory number Total Checkouts Full call number Barcode Date last seen Price effective from Koha item type
    Library of Congress Classification     BSOP Library BSOP Library Reference 02/02/2015 Amazon 1976.40 36859   D151 C73h 2008 00044959 02/02/2015 02/02/2015 Books
BSOP

Biblical Seminary of the Philippines
  All rights Reserved
  © 2024

CONTACT INFORMATION

Biblical Seminary of the Philippines,
  77-B Karuhatan Road, Valenzuela City,
  PHILIPPINES 1441
  Phone: +632 8292-6795 / 8292-6798
  Fax : +632 8292-6675
  Email: library@bsop.edu.ph